000 00609nam a2200241Ia 4500
005 20260320201033.0
008 008 262003s9999 xx 000 0 eng d
037 _aEBOOK
040 _aCRL
040 _beng
040 _cCRL
041 _2eng
041 _aeng
084 _qCRL
100 _aChilcutt
_91134095
245 0 _aEngineered to Speak: Helping You Create and Deliver Engaging Technical Presentations
260 _bIEEE
260 _c2019
856 _uhttps://ieeexplore.ieee.org/servlet/opac?bknumber=8826426
942 _cEBOOK
999 _c1718435
_d1718435